000 00665cam a2200217 a 4500
001 2631622
005 20171214035112.0
008 990625s1999 pau 000 0 eng
010 _a 99037801
020 _a1890151297 (alk. paper)
040 _aDLC
_cDLC
_dDLC
041 _aeng
080 _a2 TEM
082 0 0 _a2 TEM
_221
100 1 _a24
101 _aTEO
245 1 0 _aAgape love :
_cJohn Templeton.
906 _a7
_bcbc
_corignew
_d1
_eocip
_f19
_gy-gencatlg
942 _2ddc
_cBK
999 _c38891
_d38891